01467nam a2200313 a 450000100060000000300080000600500170001400800410003103500200007203500180009204000360011004100080014608200270015410000400018124500870022126000610030830000210036949000650039050000180045565000470047365000520052070000420057283000980061494200120071299900170072495201400074195201390088195201330102048421BD-RjUL20211209054525.0720315r1963 enk 001 0 eng  a(BD-RjUL) 48540 a(OCoLC)263769 aDLCcODaWUdOCoLCdBD-RjULbeng aeng 223a361.9034bYOB 196310aYoung, A. F.q(Agnes Freda)914647810aBritish social work in the nineteenth century /c by A. F. Young and E. T. Ashton. aLondon :bRoutledge and K. Paul,c1956 [Impression 1963] a264 p. ;c23 cm.1 aInternational library of sociology and social reconstruction aInclude index 0aCharitieszGreat BritainxHistory.9145222 0aPublic welfarezGreat BritainxHistory.91432371 aAshton, E. T.q(Elwyn Thomas)9146479 0aInternational library of sociology and social reconstruction (Routledge & Kegan Paul)9116496 2ddccBK c48421d48421 00102ddc40708NFICaRUCLbRUCLcStackd1965-05-28eZeitlingerg22.15l0o361.9034 YOB 1963r2016-08-14 00:00:00tC-2w2016-08-14yBK 00102ddc40708NFICaRUCLbRUCLcStackd1965-06-15eEuro pak.g22.75l0o361.9034 YOB 1963r2016-08-23 00:00:00tC-3w2016-08-23yBK 00102ddc40708NFICaRUCLbRUCLcStackd1966-10-28eMirza Bookl0o361.9034 YOB 1963r2016-08-29 00:00:00tC-4w2016-08-29yBK